000 00628nam a2200229Ia 4500
003 OSt
005 20220926011102.0
006 a|||||r|||| 00| 0
007 ta
008 220923b |||||||| |||| 00| 0 eng d
037 _cGeneral Book
040 _aRTL
_cRTL
_beng
041 _2eng
_aeng
082 _aU21, L8
100 _aBloom Arthur L
245 0 _aGeomarphology
_b A systematic analysis of late conoz
260 _aNew Jersey
_bPrentice Hall USA
_c1978
300 _axvii,510p.
_ccm.
650 _aGeomorphology
942 _hU21, L8
_cGB
_2CC
999 _c619107
_d619107